000 nam a22 7a 4500
999 _c8051
_d8051
008 171124b xxu||||| |||| 00| 0 eng d
100 _aAggarwal
_94501
245 _aMathematics-VIII
260 _aNew Delhi